Estetická hodnota umenia a jej úloha v rozvoji osobnosti

Podrobná bibliografia
Hlavný autor: Rybanová-Košovská, Bibiána (Autor)
Médium: Článok
Jazyk:slovenčina
Fyzický popis:Lit. 26 zázn. v slov., češ., ruš.
Predmet:

MARC

LEADER 00000nab a2200000 a 4500
001 vtls000226120
003 SK-MaSNL
005 20260302212921.0
008 160204c1985 xo 0 slo
015 |a SNBRB19rr/mm-uuuuu 
035 |a CL0236234 
040 |a SNKBUCL  |b slo  |c SNKBUCL  |e AACR2 
041 0 |a slo 
044 |a xo  |c SK 
080 |a 7.01:159.922  |2 1981 
080 |a 159.922  |2 1981 
100 1 |a Rybanová-Košovská, Bibiána  |4 aut  |9 938200 
245 1 0 |a Estetická hodnota umenia a jej úloha v rozvoji osobnosti  |c Bibiána Rybanová-Košovská 
300 |b Lit. 26 zázn. v slov., češ., ruš. 
650 0 7 |a umenie  |2 snkbucl  |9 1060 
650 0 7 |a osobnosť (psych.)  |2 snkbucl  |9 926485 
655 7 |a články z novín a časopisov  |2 snkbucl  |9 267496 
773 0 |t Osvetová práca  |g Roč. 35, č. 18-19 (1985), s. 7 
850 |a Slovenská národná knižnica v Martine  |a MTA001 
852 |a SNK  |b KIS3GCP 
958 |a NB 
958 |a RK 
992 |a RBX 
999 |c 1491247  |d 1493177